Spanish vocab week 36 - Statistics

General Stats
  • This quiz has been taken 8 times
  • The average score is 11 of 70
Answer Stats
Hint Answer % Correct
to support apoyar
80%
to seem parecer
60%
to translate traducir
60%
to vote votar
60%
to punish castigar
40%
to share compartir
40%
to defend oneself defenderse
40%
behaviour el comportamiento
40%
timetable el horario
40%
happiness la felicidad
40%
normalise normalizar
40%
Polish polaco
40%
welcoming acogedor
20%
to welcome acoger
20%
native autóctono
20%
to correct corregir
20%
to thank dar gracias a
20%
to determine determinar
20%
educational educativo
20%
support el apoyo
20%
learning el aprendizaje
20%
enriching enriquecedor
20%
to formalise/ regularise formalizar
20%
to become independent independizarse
20%
to integrate integrar
20%
to involve involucrar
20%
to get involved/ take part involucrarse
20%
competence la competencia
20%
evaluation la evaluación
20%
integration la integración
20%
investigation/ research la investigación
20%
meeting la reunión
20%
the others los demás
20%
resources los recursos
20%
Morrocan marroquí
20%
to introduce presentar
20%
to steal robar
20%
Romanian rumano
20%
related/close afín
0%
to concentrate concentrarse
0%
to mistrust desconfiar
0%
to have/ get disponer
0%
to equip dotar
0%
student body el alumnado
0%
school el centro escolar
0%
representative/ delegate el delegado
0%
unfulfilment el incumplimiento
0%
headscarf el pañuelo
0%
the average el promedio
0%
school performance el rendimiento escolar
0%
deputy headteacher el subdirector
0%
delighted encantado
0%
enrichment enriquecimiento
0%
to enroll/ enlist inscribirse
0%
to fit in integrarse
0%
to interrelate/ mix interrelacionarse
0%
corn/tortilla cake la arepa
0%
parents' association la asociación de padres
0%
breach la brecha
0%
punctuation la puntuación
0%
to move house mudarse de casa
0%
to promote potenciar
0%
to get rid of prescindir
0%
resonably razonablemente
0%
to overflow rebasar
0%
to relate to relacionarse
0%
crucially significativamente
0%
to overload sobrecargar
0%
current/ in force vigente
0%
to infringe/ break a law vulnerar
0%
No matching quizzes found
Score Distribution
Percent of People with Each Score
Percentile by Number Answered
Your Score History
You have not taken this quiz